000 00544nam a2200205Ia 4500
001 11415
003 IVS
005 20250626030858.0
008 211022s9999 xx 000 0 und d
040 _cIVS
082 _a746 UZM
100 _aUzma Ismail
245 0 _aBlock Printing with Natural Dyes in Kehrorpucca (Part 2)
260 _aKarachi
260 _bIndus Valley School
260 _c2002
300 _a60
856 _uhttps://drive.google.com/file/d/1hndhlSLqmyHCfvlyUb_48_7e2EVuf1HN/view?usp=sharing
942 _cDISS
_n0
_2ddc
999 _c13553
_d13553